| 000 | 00403nam a22001697a 4500 | ||
|---|---|---|---|
| 003 | NUST - PNEC | ||
| 005 | 20170116181055.0 | ||
| 008 | 150610b xxu||||| |||| 00| 0 eng d | ||
| 040 | _cLIBRARY | ||
| 082 | _a621.1 LOW | ||
| 100 |
_96043 _aLow, David Allan |
||
| 245 |
_aHeat Engines _cDavid Allan Low |
||
| 250 | _a2nd ed. | ||
| 260 | _c1963 | ||
| 650 |
_911176 _aHeat Engines _xME |
||
| 942 |
_2ddc _cBK |
||
| 999 |
_c68509 _d68509 |
||